Años decisivos (Record no. 145443)
[ view plain ]
| 000 -LEADER | |
|---|---|
| campo de control de longitud fija | 00558nam a2200157 4500 |
| 001 - NÚMERO DE CONTROL | |
| campo de control | 145443 |
| 003 - IDENTIFICADOR DE NÚMERO DE CONTROL | |
| campo de control | ES-MaACL |
| 007 - CAMPO FIJO DE DESCRIPCIÓN FÍSICA--INFORMACIÓN GENERAL | |
| campo de control de longitud fija | t| |
| 008 - DATOS DE LONGITUD FIJA--INFORMACIÓN GENERAL | |
| campo de control de longitud fija | 070214s1934 sp r ||||1| spa d |
| 100 1# - ENTRADA PRINCIPAL--NOMBRE DE PERSONA | |
| Nombre de persona | Spengler, Oswald. |
| 9 (RLIN) | 107694 |
| 245 10 - MENCIÓN DEL TÍTULO | |
| Título | Años decisivos |
| Resto del título | : Alemania y la evolución histórica universal / |
| Mención de responsabilidad, etc. | Oswald Spengler ; versión del alemán por Luis López Ballesteros. |
| Número de parte o sección de la obra | , . primera parte. |
| 260 ## - PUBLICACIÓN, DISTRIBUCIÓN, ETC. | |
| Lugar de publicación, distribución, etc. | Madrid : |
| Nombre del editor, distribuidor, etc. | Espasa Calpe, |
| Fecha de publicación, distribución, etc. | 1934. |
| 300 ## - DESCRIPCIÓN FÍSICA | |
| Extensión | 187 p. ; |
| Dimensiones | 23 cm. |
| 700 1# - ENTRADA AGREGADA--NOMBRE PERSONAL | |
| Nombre de persona | López-Ballesteros y de Torres, Luis. |
| 9 (RLIN) | 73432 |
| 852 ## - LOCALIZACIÓN | |
| Ubicación | ES-MaACL |
| Número de control de estantería | C-7055 |
| Estatus retirado | Estado de pérdida | Estado de daño | No para préstamo | Biblioteca de origen | Biblioteca actual | Ubicación en estantería | Fecha de adquisición | Fuente de adquisición | Total de préstamos | Signatura topográfica completa | Código de barras | Visto por última vez | Precio de reemplazo | Tipo de ítem Koha |
|---|---|---|---|---|---|---|---|---|---|---|---|---|---|---|
| Biblioteca del Ateneo de Madrid | Biblioteca del Ateneo de Madrid | Sala Palomar | 17/01/2008 | C-7055 | 1151819 | 23/02/2023 | 23/02/2023 | Libro impreso |
